000 01084cam a2200253 4500
001 L123441
002 ##1881
008 030901n2000 000 0 eng u
020 _a1842190083
035 _a(Sirsi) u123441
041 0 _aeng
050 0 4 _a333.332 $2 18
110 2 _aRoyal Institution of Chartered Surveyors
_bPlant and Machinery Practice Panel
_94593
245 0 0 _aFixed plant
_ban information paper
260 _aLondon
_bRICS
_c2000
300 _a16p.
_c30cm.
350 _a15
490 0 _aRICS Information Paper
520 _aExplains the distinction between plant, fixed plant, fixtures and chattels and provides guidance on the effect of English law in this complex area. Briefly covers: landlord and tenant; distress; mortgages; retention of title; leased equipment and other third party items; taxation; rating; and vendor and purchaser. Appendix lists the most problematic fixed plant items with the courts' responses. Case law.
520 _aUnder review 1 August 2006
651 4 _aEngland
_y886-
690 _aPROPERTY-BUSINESS ASSETS
942 _n0
999 _c103045
_d103045